000 01204nam a2200229Ia 4500
999 _c5204
_d5204
003 OSt
005 20200420123010.0
008 191128s2010 sp a gr 000 0 spa d
020 _a18876846
040 _aCO-JMCR
_cCO-JMCR
041 0 _aspa
082 0 4 _a303.4833 /
_bU588i
110 1 _aUniversidad de Navarra
_93226
245 1 0 _aIndicador de la sociedad de la información (ISI) everis IESE :
_bsituación de las tecnologías de la información en Argentina, Brasil, Chile, Colombia, México y Perú /
_cUniversidad de Navarra
260 _aBarcelona :
_bUniversidad de Navarra : Everis,
_c2010
300 _a88 páginas :
_bilustraciones a color ;
_c30 cm.
505 _aPrincipales resultados -- Situación en Latinoamérica -- Análisis de la situación de la Sociedad de la Información por país -- Opiniones de los protagonistas -- Anexos
520 _aEl objetivo principal propuesto por everis y el IESE-CELA, es la creación de un indicadir capaz de estimar el grado de avance de la Sociedad de la Información en Latinomérica. Dada la complejidad de la misma.
650 1 4 _aSociedad de la información
_9530
650 2 4 _aTecnologías de la información
_93227
942 _2ddc
_cBK